00507 2200181 4500001002100000008004100021035002000062245005900082100002400141250001000165260005100175300002400226020001800250084001600268082001000284650001900294990001200313INLIS000000000015859 ind  a0010-0323000307 aKetika 66cNoorca M. Massardi; penyunting, Udji Kayang aNOORCA, M. Massardi acet.1 aJakarta :bKepustakaan Populer Gramedia,c2020 aix, 148 hal.c20 cm a9786024813376 a801.1 NOO k a801.1 aPUISI-KUMPULAN a10370 a